Information Systems Project Management (Record no. 2044)

MARC details
000 -LEADER
fixed length control field 01124cam a22003134a 4500
001 - CONTROL NUMBER
control field 15223400
003 - CONTROL NUMBER IDENTIFIER
control field OSt
005 - DATE AND TIME OF LATEST TRANSACTION
control field 20191105162706.0
008 - FIXED-LENGTH DATA ELEMENTS--GENERAL INFORMATION
fixed length control field 080318s2009 caua b 001 0 eng
010 ## - LIBRARY OF CONGRESS CONTROL NUMBER
LC control number 2008011837
020 ## - INTERNATIONAL STANDARD BOOK NUMBER
International Standard Book Number 9781412957021 (pbk.)
020 ## - INTERNATIONAL STANDARD BOOK NUMBER
International Standard Book Number 1412957028 (pbk.)
035 ## - SYSTEM CONTROL NUMBER
System control number (OCoLC)ocn213600564
035 ## - SYSTEM CONTROL NUMBER
System control number (OCoLC)213600564
040 ## - CATALOGING SOURCE
Original cataloging agency DLC
Transcribing agency DLC
Modifying agency BAKER
-- BTCTA
-- C#P
-- BWX
-- YDXCP
-- DLC
050 00 - LIBRARY OF CONGRESS CALL NUMBER
Classification number T58.64
Item number .A985 2009
082 00 - DEWEY DECIMAL CLASSIFICATION NUMBER
Classification number 004.06 ARI 2009
Edition number 22
100 1# - MAIN ENTRY--PERSONAL NAME
Personal name Avison, D. E.; Torkzadeh, Gholamreza.
9 (RLIN) 5303
245 10 - TITLE STATEMENT
Title Information Systems Project Management
260 ## - PUBLICATION, DISTRIBUTION, ETC. (IMPRINT)
Place of publication, distribution, etc. Los Angeles :
Name of publisher, distributor, etc. SAGE,
Date of publication, distribution, etc. c2009.
300 ## - PHYSICAL DESCRIPTION
Extent xvi, 480 p. :
Other physical details ill. (some col.) ;
Dimensions 24 cm.
504 ## - BIBLIOGRAPHY, ETC. NOTE
Bibliography, etc Includes bibliographical references and index.
650 #0 - SUBJECT ADDED ENTRY--TOPICAL TERM
Topical term or geographic name as entry element Information systems
9 (RLIN) 5304
650 #0 - SUBJECT ADDED ENTRY--TOPICAL TERM
Topical term or geographic name as entry element Project management
9 (RLIN) 1888
856 41 - ELECTRONIC LOCATION AND ACCESS
Materials specified Table of contents only
Uniform Resource Identifier http://www.loc.gov/catdir/toc/ecip0813/2008011837.html
906 ## - LOCAL DATA ELEMENT F, LDF (RLIN)
a 7
b cbc
c orignew
d 1
e ecip
f 20
g y-gencatlg
942 ## - ADDED ENTRY ELEMENTS (KOHA)
Source of classification or shelving scheme Other/Generic Classification Scheme
Koha item type Short Loan
Holdings
Withdrawn status Lost status Source of classification or shelving scheme Damaged status Not for loan Home library Current library Date acquired Source of acquisition Inventory number Total Checkouts Full call number Barcode Date last seen Date last checked out Price effective from Koha item type
    Other/Generic Classification Scheme     MUST Main Library MUST Main Library 12/06/2015   2010/32650 1 004.06 ARI 2009 2015-1875 10/07/2017 10/07/2017 12/06/2015 Short Loan